书目信息 |
| 题名: |
综合造型设计基础
|
|
| 作者: | 柳冠中 , 蒋红斌 主编 | |
| 分册: | ||
| 出版信息: | 北京 高等教育出版社 2024.08 |
|
| 页数: | 125页 | |
| 开本: | 28cm | |
| 丛书名: | ||
| 单 册: | ||
| 中图分类: | TB472.2 | |
| 科图分类: | ||
| 主题词: | 工业产品--gong ye chan pin--造型设计--高等学校--教材 | |
| 电子资源: | ||
| ISBN: | 978-7-04-062811-1 | |
| 000 | 01491nam0 2200313 450 | |
| 001 | 93768 | |
| 005 | 20250819152731.69 | |
| 010 | @a978-7-04-062811-1@dCNY39.90 | |
| 100 | @a20241008d2024 em y0chiy50 ea | |
| 101 | 0 | @achi |
| 102 | @aCN@b110000 | |
| 105 | @aa a 000yy | |
| 106 | @ar | |
| 200 | 1 | @a综合造型设计基础@Azong he zao xing she ji ji chu@d= Comprehensive form design fundamentals@f主编柳冠中, 蒋红斌@zeng |
| 205 | @a第2版 | |
| 210 | @a北京@c高等教育出版社@d2024.08 | |
| 215 | @a125页@c图 (部分彩图)@d28cm | |
| 300 | @a新形态教材网 | |
| 314 | @a柳冠中, 清华大学美术学院教授、博士生导师, 清华大学艺术与科学研究中心设计战略与原型创新研究所所长, 政府特殊津贴获得者。蒋红斌, 清华大学美术学院副教授、博士生导师, 清华大学艺术与科学研究中心设计战略与原型创新研究所执行所长, 日本东京艺术大学客座研究员, 日本札幌市立大学和丹麦皇家艺术学院访问学者。 | |
| 320 | @a有书目 (第125页) | |
| 330 | @a本书采用图文并茂的形式展现“综合造型设计基础”课程教学的经验、过程和方法, 介绍清华大学美术学院在20多年的发展历程中, 继承德国包豪斯、乌尔姆造型学院的教学思想体系, 围绕造型问题开发的设计课题以及以过程教育为核心的教育方法论、设计方法论。 | |
| 333 | @a高等学校教材 | |
| 510 | 1 | @aComprehensive form design fudamentals@zeng |
| 606 | 0 | @a工业产品@Agong ye chan pin@x造型设计@x高等学校@j教材 |
| 690 | @aTB472.2@v5 | |
| 701 | 0 | @a柳冠中@Aliu guan zhong@4主编 |
| 701 | 0 | @a蒋红斌@Ajiang hong bin@4主编 |
| 801 | 0 | @aCN@c20250909 |
| 905 | @a河南城建学院图书馆@dTB472.2@eL748=2@f1 | |
| 综合造型设计基础= Comprehensive form design fundamentals/主编柳冠中, 蒋红斌.-第2版.-北京:高等教育出版社,2024.08 |
| 125页:图 (部分彩图);28cm |
| 新形态教材网.-使用对象:高等学校教材 |
| ISBN 978-7-04-062811-1:CNY39.90 |
| 本书采用图文并茂的形式展现“综合造型设计基础”课程教学的经验、过程和方法, 介绍清华大学美术学院在20多年的发展历程中, 继承德国包豪斯、乌尔姆造型学院的教学思想体系, 围绕造型问题开发的设计课题以及以过程教育为核心的教育方法论、设计方法论。 |
| ● |
| 相关链接 |
|
|
|
正题名:综合造型设计基础
索取号:TB472.2/L748=2
 
预约/预借
| 序号 | 登录号 | 条形码 | 馆藏地/架位号 | 状态 | 备注 |
| 1 | 1627725 | 216277259 | 自科库501/501自科库 17排2列5层/ [索取号:TB472.2/L748=2] | 在馆 |